000 00227nam a2200097Ia 4500
008 190216s9999||||xx |||||||||||||| ||und||
100 _aState Planning Board
245 0 _a"Economic Review 1981,1992"
260 _bNull
942 _cBK
999 _c9840
_d9840